| 000 | 00732nam a2200277Ia 4500 | ||
|---|---|---|---|
| 001 | 8244 | ||
| 005 | 20240113234058.0 | ||
| 007 | ta | ||
| 008 | 050718s1980 a g b000 u eng u | ||
| 040 | _aCotton College,Assam | ||
| 041 | _aeng | ||
| 082 |
_a910.157 _bSi 47 Bi |
||
| 100 | _aSimmons, I.G. . | ||
| 245 | 0 |
_aBiogeography: Natural and Cultural / _cI.G.Simmons. _hTextual Documents |
|
| 250 | _a1st ed. / | ||
| 260 |
_aLondon : _bArnold Publications , _c1980. |
||
| 300 |
_a379p. : _bill ; _c23cm . |
||
| 504 | _aBib,Index | ||
| 653 | _aGeography | ||
| 653 | _aBiogeography-Natural and Cultural | ||
| 653 | _aPG-Geography | ||
| 942 |
_2ddc _cBK |
||
| 999 |
_c8231 _d8231 |
||